000 00353nab a22001097u 4500
008 130520b2011 xxu||||| |||| 00| 0 spa d
041 _aspa
100 1 _aPraetorius, Ina
_967459
245 0 0 _aLa economía de la natalidad. Una perspectiva pospatriarcal
_cIna Praetorius
773 0 _tConcilium
_gnº343,2011,págs. 97-108
_x0210-1041
_wRev134
942 _cAR
999 _c418474
_d418474